000 00949nam a22002537a 4500
001 49396
003 BD-RjUL
005 20211209054656.0
008 160820s1977 bg ||||| b||| 00| 0 ben d
020 _c : TK 12.00
035 _a(BD-RjUL)49515
040 _aBD-RjUL
_bben
_cBD-RjUL
041 _aben
082 _223
_a370.9
_bCHI 1977
100 1 _aচৌধুরী, মোহাম্মদ মুসলিম
_9148289
245 0 _aইতিহাস শিক্ষা-প্রণালী /
_cমোহাম্মদ মুসলিম চৌধুরী
250 _a২য় সং.
260 _aঢাকা :
_bবাংলা একাডেমী,
_c১৯৭৭.
300 _a[৫], ১৪৮ পৃ. ;
_c২২ সেমি.
504 _aগ্রন্থপুঞ্জি সংযুক্ত
650 _aশিক্ষা
_vইতিহাস
_9148290
650 _aEducation
_vhistory
_9148291
942 _2ddc
_cBK
999 _c49396
_d49396